First Movies in MCU Franchises Quiz - Statistics

General Stats
  • This quiz has been taken 49 times
  • The average score is 14 of 18
Answer Stats
Year Movie # % Correct
2011 Captain America: The First Avenger 4
100%
2008 Iron Man 3
100%
2012 The Avengers 6
100%
2008 (2003) The Incredible Hulk 1 (1)
100%
2011 Thor 4
100%
2015 Ant-Man 3
93%
2016 Doctor Strange 2
93%
2014 Guardians of the Galaxy 3
93%
2018 Black Panther 2
88%
2019 (2023) Captain Marvel/ The Marvels 2 (1)
88%
2021 Black Widow 1
84%
2021 Eternals 1
79%
2017 (2002) (2012) (2018) Spider-Man: Homecoming 4 (3) (2) (3)
72%
2021 Shang-Chi and the Legend of the Ten Rings 2
58%
2025 (1998) Blade 1 (4)
49%
2025 Thunderbolts* 1
47%
2024 (2009) (2016) Deadpool and Wolverine 1 (4) (3)
44%
2025 (2005) (2015) The Fantastic Four: First Steps 1 (2) (1)
33%
No matching quizzes found
Score Distribution
Percent of People with Each Score
Percentile by Number Answered
Your Score History
You have not taken this quiz